<?xml version="1.0" encoding="UTF-8"?>
<record
    xmlns:xsi="http://www.w3.org/2001/XMLSchema-instance"
    xsi:schemaLocation="http://www.loc.gov/MARC21/slim http://www.loc.gov/standards/marcxml/schema/MARC21slim.xsd"
    xmlns="http://www.loc.gov/MARC21/slim">

  <leader>00741nam a2200169Ia 4500</leader>
  <controlfield tag="008">090711s9999    xx            000 0 und d</controlfield>
  <datafield tag="082" ind1=" " ind2=" ">
    <subfield code="b">8035</subfield>
  </datafield>
  <datafield tag="100" ind1=" " ind2=" ">
    <subfield code="a">&#x91C;&#x94B;&#x936;&#x940; &#x928;. &#x917;.</subfield>
  </datafield>
  <datafield tag="245" ind1=" " ind2=" ">
    <subfield code="a">&#x92E;&#x939;&#x93E;&#x92D;&#x93E;&#x930;&#x924; &#x92E;&#x930;&#x93E;&#x920;&#x940; &#x92D;&#x93E;&#x937;&#x93E;&#x902;&#x924;&#x930; (&#x92D;&#x93E;&#x917; 8- &#x92D;&#x940;&#x937;&#x94D;&#x92E;&#x92A;&#x930;&#x94D;&#x935;)</subfield>
  </datafield>
  <datafield tag="260" ind1=" " ind2=" ">
    <subfield code="b">&#x926;&#x93E;&#x92E;&#x94B;&#x926;&#x930; &#x938;&#x93E;&#x902;&#x935;&#x933;&#x93E;&#x930;&#x93E;&#x92E; &#x906;&#x923;&#x93F; &#x92E;&#x902;&#x921;&#x933;&#x940;</subfield>
    <subfield code="c">1937</subfield>
  </datafield>
  <datafield tag="300" ind1=" " ind2=" ">
    <subfield code="a">180</subfield>
  </datafield>
  <datafield tag="600" ind1=" " ind2=" ">
    <subfield code="a">&#x91C;&#x94B;&#x936;&#x940; &#x928;. &#x917;.</subfield>
  </datafield>
  <datafield tag="630" ind1=" " ind2=" ">
    <subfield code="a">&#x92E;&#x939;&#x93E;&#x92D;&#x93E;&#x930;&#x924; &#x92E;&#x930;&#x93E;&#x920;&#x940; &#x92D;&#x93E;&#x937;&#x93E;&#x902;&#x924;&#x930; (&#x92D;&#x93E;&#x917; 8- &#x92D;&#x940;&#x937;&#x94D;&#x92E;&#x92A;&#x930;&#x94D;&#x935;)</subfield>
  </datafield>
  <datafield tag="700" ind1=" " ind2=" ">
    <subfield code="a">&#x91C;&#x94B;&#x936;&#x940; &#x928;. &#x917;.</subfield>
  </datafield>
  <datafield tag="730" ind1=" " ind2=" ">
    <subfield code="a">&#x92E;&#x939;&#x93E;&#x92D;&#x93E;&#x930;&#x924; &#x92E;&#x930;&#x93E;&#x920;&#x940; &#x92D;&#x93E;&#x937;&#x93E;&#x902;&#x924;&#x930; (&#x92D;&#x93E;&#x917; 8- &#x92D;&#x940;&#x937;&#x94D;&#x92E;&#x92A;&#x930;&#x94D;&#x935;)</subfield>
  </datafield>
  <datafield tag="942" ind1=" " ind2=" ">
    <subfield code="c">BOOK</subfield>
  </datafield>
  <datafield tag="999" ind1=" " ind2=" ">
    <subfield code="c">282915</subfield>
    <subfield code="d">282915</subfield>
  </datafield>
  <datafield tag="952" ind1=" " ind2=" ">
    <subfield code="0">0</subfield>
    <subfield code="1">0</subfield>
    <subfield code="4">0</subfield>
    <subfield code="7">0</subfield>
    <subfield code="a">DASAVA</subfield>
    <subfield code="b">DASAVA</subfield>
    <subfield code="d">2009-07-11</subfield>
    <subfield code="g">1.50</subfield>
    <subfield code="l">0</subfield>
    <subfield code="o">8035</subfield>
    <subfield code="p">DASAVA-8035</subfield>
    <subfield code="r">2009-07-11 00:00:00</subfield>
    <subfield code="v">1.50</subfield>
    <subfield code="w">2009-07-11</subfield>
    <subfield code="y">BOOK</subfield>
  </datafield>
</record>
